000 00528nam a22001937i 4500
999 _c5948
_d5948
001 6355
003 OSt
005 20180618102108.0
007 tu
008 161220s1989 xxu||||| |||| 00| 0 eng d
024 7 _a6355
_2RID
024 7 _a6355
_2RSN (alt)
040 _cOSt
110 2 _aUnited Nations Economic Commission for Europe
245 0 0 _aEconomic Reforms in the European Centrally Planned Economies
260 _aNew York :
_bUnited Nations Publication,
_c1989.
490 _aEconomic Studies
_v1
_x1014-4994
942 _cP